000 01070nam a22002417a 4500
999 _c63506
_d63506
005 20240530110645.0
008 171108s2012 ua aof f b 000 0 ara d
017 _a2013/2301
_bمصر. دار الكتب
040 _aEG-CaGPL
_cEG-CaGPL
082 0 4 _221
_a726.2\
_bم م
100 0 _aمحمد ماجد عباس خلوصى .
245 1 2 _aالمسجد :
_bعمارة و طراز و تاريخ /
_cمحمد ماجد عباس خلوصى .
_nالجزء الاول :
_pالمساجد التاريخية فى مصر و العالم الاسلامى --
_nالجزء الثانى :
_pالمساجد الحديثة فى مصر و العالم الاسلامى .
250 _aط.1
260 _aالقاهرة :
_bالمؤلف ،
_c2013 .
300 _a2 جزء :
_bصور لو ؛
_c28 سم.
650 0 7 _2qrmak
_aالمساجد
650 0 7 _2qrmak
_aالمساجد
_zمصر
650 0 7 _2qrmak
_aالمساجد
_xعمارة
650 0 7 _2qrmak
_aالعمارة الاسلامية
651 _2qrmak
942 _2ddc
_cBK